[Event "Medellin Construct op"]
[Site "Medellin"]
[Date "2017.01.28"]
[Round "5"]
[White "Sierra Mejia, Juan Pablo"]
[Black "Henao, Bernardo Andres"]
[Result "1/2-1/2"]
[WhiteElo "2093"]
[BlackElo "2059"]
[PlyCount "85"]
[EventDate "2017.01.25"]
[EventType "swiss"]
[EventRounds "7"]
[EventCountry "COL"]
[SourceTitle "CBM 176 Extra"]
[Source "ChessBase"]
[SourceDate "2017.03.02"]
[SourceVersion "1"]
[SourceVersionDate "2017.03.02"]
[SourceQuality "1"]

1. d4 Nf6 2. Nf3 c5 3. d5 e6 4. c4 b5 5. dxe6 fxe6 6. cxb5 d5 7. Qc2 Bd6 8. Nbd2 0-0 9. e4 Nbd7 10. b3 Bb7 11. Bd3 Ne5 12. exd5 Nxd3+ 13. Qxd3 exd5 14. 0-0 Nh5 15. Nb1 Nf4 16. Bxf4 Rxf4 17. Nbd2 Qf6 18. Rfe1 Rf8 19. Qe2 Bc8 20. Rad1 Bg4 21. Qd3 Rd4 22. Nxd4 Qxf2+ 23. Kh1 Bxd1 24. Rxd1 cxd4 25. Nf3 Bc5 26. a4 Re8 27. Qf5 Kh8 28. Qxd5 Qc2 29. Rf1 Qe2 30. Rc1 Bb6 31. a5 Bxa5 32. Qxd4 Bb6 33. Qc4 h6 34. h4 Qf2 35. Qf7 Rd8 36. Re1 Qg3 37. h5 Kh7 38. Qf5+ Kh8 39. Rc1 Bc7 40. Qc5 Rd2 41. Qf8+ Kh7 42. Qf5+ Kh8 43. Qf8+ 1/2-1/2

[Event "Medellin Navideno op"]
[Site "Medellin"]
[Date "2016.12.17"]
[Round "3"]
[White "Zabala, Fidel"]
[Black "Sierra Mejia, Juan Pablo"]
[Result "0-1"]
[WhiteElo "2004"]
[BlackElo "2088"]
[PlyCount "50"]
[EventDate "2016.12.16"]
[EventType "swiss"]
[EventRounds "7"]
[EventCountry "COL"]
[SourceTitle "CBM 176 Extra"]
[Source "ChessBase"]
[SourceDate "2017.03.02"]
[SourceVersion "1"]
[SourceVersionDate "2017.03.02"]
[SourceQuality "1"]

1. e4 e5 2. Nf3 Nc6 3. Bb5 a6 4. Ba4 Nf6 5. 0-0 b5 6. Bb3 Be7 7. c3 Bb7 8. Re1 0-0 9. d4 d6 10. Bg5 Re8 11. Nbd2 h6 12. Bh4 Nh7 13. Bg3 Bf6 14. Nf1 Ng5 15. Nxg5 Bxg5 16. Qh5 Qe7 17. h4 Bf6 18. Ne3 Na5 19. dxe5 dxe5 20. Nf5 Qf8 21. Qg6 Nxb3 22. Nxh6+ Kh8 23. Nxf7+ Kg8 24. Nh6+ Kh8 25. axb3 gxh6 0-1